Helmuth von Glasenapp, interpreter of Indian thought, (Record no. 59271)

MARC details
000 -LEADER
fixed length control field 00886cam a22002651 4500
001 - CONTROL NUMBER
control field sa 64005699
003 - CONTROL NUMBER IDENTIFIER
control field DLC
005 - DATE AND TIME OF LATEST TRANSACTION
control field 20260227112034.0
008 - FIXED-LENGTH DATA ELEMENTS--GENERAL INFORMATION
fixed length control field 800606s1964 ii c b 000 0 eng
010 ## - LIBRARY OF CONGRESS CONTROL NUMBER
LC control number sa 64005699
025 ## - OVERSEAS ACQUISITION NUMBER
Overseas acquisition number PL480: I-E-3005
035 ## - SYSTEM CONTROL NUMBER
System control number (OCoLC)6395720
040 ## - CATALOGING SOURCE
Original cataloging agency DLC
Transcribing agency NIC
Modifying agency DLC
042 ## - AUTHENTICATION CODE
Authentication code premarc
050 00 - LIBRARY OF CONGRESS CALL NUMBER
Classification number DS335
Item number .S63 vol. 1
100 1# - MAIN ENTRY--PERSONAL NAME
Personal name Noelle, Wilfried.
245 00 - TITLE STATEMENT
Title Helmuth von Glasenapp, interpreter of Indian thought,
Statement of responsibility, etc. by Wilfried Noelle. With a pref. by Zakir Husain.
260 ## - PUBLICATION, DISTRIBUTION, ETC.
Place of publication, distribution, etc. [New Delhi,
Name of publisher, distributor, etc. Max Mueller Bhavan,
Date of publication, distribution, etc. 1964]
300 ## - PHYSICAL DESCRIPTION
Extent 108 p.
Other physical details port.
Dimensions 20 cm.
490 1# - SERIES STATEMENT
Series statement Max Mueller Bhavan. Publications. South Asian studies [1]
504 ## - BIBLIOGRAPHY, ETC. NOTE
Bibliography, etc. note Bibliography: p. 67-76.
600 10 - SUBJECT ADDED ENTRY--PERSONAL NAME
Personal name Glasenapp, Helmuth von,
Dates associated with a name 1891-1963.
810 2# - SERIES ADDED ENTRY--CORPORATE NAME
Corporate name or jurisdiction name as entry element Max Mueller Bhavan (New Delhi, India).
Title of a work Publications.
830 #0 - SERIES ADDED ENTRY--UNIFORM TITLE
Uniform title South Asian studies ;
Volume/sequential designation 1.

No items available.

Powered by Koha